000 00672nam a2200301Ia 4500
005 20260401122437.0
008 008 250103s9999 xx 000 0 eng d
020 _a9780745643809
037 _aTB
040 _aEDL
040 _beng
040 _cEDL
041 _2eng
041 _aeng
084 _a302.23ORG
084 _qEDL
100 _aOrgad, Shani
_91233633
245 0 _aMedia representation and the global imaggination
245 0 _cOrgad, Shani
260 _aMalden, USA
260 _bPolity Press
260 _c2012
300 _a230p
942 _cTB
942 _h302.23ORG
999 _c1847322
_d1847322